000 00290nam a22001097a 4500
082 _a358.25
_bMIL
_cL-31, P-62
245 _aMT Reference Book
300 _aiii, 357p
_bill
_c15cm
526 _a0
_b0
_c0
_d358_250000000000000_MIL
526 _a0
_b0
_c0
_d358_250000000000000_MIL
942 _2ddc
_cBK
999 _c551744
_d551744